000 00760nam a2200205Ii 4500
003 JO-AjNU
008 230605s9999||||xx |||||||||||||| ||und||
017 _a2009/7/1034
040 _aJO-AjNU
_bara
_erda
_cJO-AjNU
041 _aara
050 1 4 _aHD30.2.J39.2010
100 3 _aجودة،محفوظ,
_eauthor
_933039
245 0 0 _aاساليب البحث العلمي في ميدان العلوم الادارية=Scientific Research Method
264 3 1 _aعمان:دار زهران للنشر والتوزيع،2010
300 _a320ص
336 _atext
_btxt
_2rdacontent
337 _aunmediated
_bn
_2rdamedia
338 _avolume
_bnc
_2rdacarrier
650 4 _aاساليب البحث العلمي في ميدان العلوم الادارية
_933040
999 _aA13406
_c16974
_d16974